Colonisez le monde en devinant des pays - Statistiques

Statistiques générales
  • Ce quiz a été pris 1 017 fois
  • Le résultat moyen est 1378 sur 3933
Réponses sur la Carte
Les réponses sont colorées sur une échelle allant du rouge au vert en fonction du pourcentage des utilisateurs qui les ont devinées à leur premier essai. Vous pouvez retrouver ces pourcentages ci-dessous.
 
Statistiques - réponses
Pays % Correct
France
97%
États-Unis
96%
Russie
96%
Brésil
93%
Canada
93%
Chine
93%
Mexique
89%
Espagne
88%
Inde
88%
Algérie
87%
Australie
87%
Argentine
84%
Allemagne
83%
Suède
78%
Maroc
77%
Norvège
76%
Royaume-Uni
76%
Égypte
75%
Italie
72%
Chili
71%
Mongolie
71%
Afrique du Sud
70%
Finlande
70%
Pérou
70%
Danemark
69%
République Démocratique du Congo
68%
Turquie
68%
Iran
67%
Colombie
66%
Japon
66%
Libye
66%
Ukraine
66%
Arabie Saoudite
64%
Kazakhstan
63%
Pologne
63%
Indonésie
62%
République du Congo
61%
Portugal
60%
Mali
58%
Soudan
56%
Bolivie
54%
Irak
54%
Niger
52%
Pakistan
52%
Venezuela
51%
Irlande
49%
Islande
47%
Nigeria
45%
Tunisie
45%
Tchad
44%
Uruguay
41%
Angola
40%
Madagascar
40%
Suisse
39%
Thaïlande
39%
Éthiopie
38%
Mauritanie
38%
Paraguay
38%
Somalie
38%
Grèce
36%
Afghanistan
35%
Roumanie
34%
Équateur
33%
Namibie
33%
Viêt Nam
33%
Yémen
33%
Belgique
32%
Corée du Sud
32%
Oman
32%
Biélorussie
30%
Nouvelle-Zélande
30%
Pays-Bas
28%
Cuba
27%
Soudan du Sud
27%
Autriche
26%
Kenya
25%
Laos
25%
Birmanie
24%
Corée du Nord
24%
Malaisie
24%
Syrie
24%
Estonie
23%
Mozambique
23%
Tanzanie
23%
Philippines
22%
Cambodge
21%
Lettonie
21%
Lituanie
21%
Sénégal
21%
Hongrie
20%
Panama
20%
Suriname
20%
Guyana
19%
Émirats Arabes Unis
18%
Bangladesh
17%
Bulgarie
17%
Cameroun
17%
République Tchèque
17%
Serbie
17%
Zambie
17%
Croatie
16%
Israël
15%
Monaco
15%
Népal
15%
Ouzbékistan
15%
Slovénie
15%
Togo
15%
Costa Rica
14%
Guatemala
14%
Honduras
14%
Liban
14%
Luxembourg
14%
Papouasie-Nouvelle-Guinée
14%
Qatar
14%
République Centrafricaine
14%
Guinée
13%
Nicaragua
13%
Slovaquie
13%
Albanie
12%
Andorre
12%
Vatican
12%
Zimbabwe
12%
Belize
11%
Bénin
11%
Bosnie-Herzégovine
11%
Botswana
11%
Ghana
11%
Haïti
11%
Turkménistan
11%
Côte d'Ivoire
10%
Jamaïque
10%
Moldavie
10%
Salvador
10%
Gabon
9%
Jordanie
9%
Kosovo
9%
Saint-Marin
9%
Bahamas
8%
Bhoutan
8%
Burkina Faso
8%
Macédoine du Nord
8%
Malte
8%
Monténégro
8%
Ouganda
8%
Sri Lanka
8%
Tadjikistan
8%
Kirghizistan
7%
Lesotho
7%
Liechtenstein
7%
République Dominicaine
7%
Taïwan
7%
Arménie
6%
Azerbaïdjan
6%
Chypre
6%
Érythrée
6%
Koweït
6%
Bahreïn
5%
Djibouti
5%
Dominique
5%
États Fédérés de Micronésie
5%
Fidji
5%
Nauru
5%
Rwanda
5%
Singapour
5%
Antigua-et-Barbuda
4%
Barbade
4%
Eswatini
4%
Gambie
4%
Géorgie
4%
Guinée-Bissau
4%
Kiribati
4%
Liberia
4%
Malawi
4%
Palaos
4%
Brunei
3%
Burundi
3%
Grenade
3%
Maldives
3%
Saint-Christophe- et-Niévès
3%
Sainte-Lucie
3%
Saint-Vincent-et-les-Grenadines
3%
Tonga
3%
Tuvalu
3%
Vanuatu
3%
Cap-Vert
2%
Comores
2%
Guinée Équatoriale
2%
Îles Salomon
2%
Maurice
2%
Samoa
2%
Sao Tomé-et-Principe
2%
Seychelles
2%
Sierra Leone
2%
Trinité-et-Tobago
2%
Îles Marshall
1%
Timor Oriental
1%
Aucun quiz correspondant
Distribution des résultats
% des personnes avec chaque résultat
Percentile par nombre de réponses
Votre historique - résultats
Vous n’avez pas pris ce quiz